000 00268nam a22001217a 4500
020 _a81-7797-023-2
082 _a425
_bSIS/S
245 _aSYNONYMS & ANTONYMS
260 _aTRIVANDRUM
_bSISO BOOKS
300 _a429
650 _aSYNONYMS & ANTONYMS
_zKERALA
942 _cBK
999 _c3789
_d3789